Gen 1 Gyms Quiz (Pokémon) - Statistics

General Stats
  • This quiz has been taken 37 times
  • The average score is 7 of 8
Answer Stats
Hint Gym Leader % Correct
First Gym Brock
100%
Water Type Misty
100%
Thunder Badge Lt. Surge
97%
Team Rocket Giovanni
93%
Psychic Type Sabrina
90%
Cinnabar Island Blaine
80%
Celadon City Erika
80%
Soul Badge Koga
77%
No matching quizzes found
Score Distribution
Percent of People with Each Score
Percentile by Number Answered
Your Score History
You have not taken this quiz